01355nam a2200325 a 450000100060000000300080000600500170001400800410003103500190007203500120009104000260010304100080012908200270013711000780016424500880024225000110033026000630034130000470040449000360045150400300048765000370051765000330055465100570058765100570064465100430070183001100074494200120085499900170086695201460088342071BD-RjUL20211209053505.0160609s1946 enkb b 000 0 eng d a(BD-RjUL)42189 a1132403 aCANbengcBD-RjULdNU aeng04a956.9404219bGRE 19462 aRoyal Institute of International Affairs.bInformation Department912935610aGreat Britain and Palestine, 1915-1945 /cRoyal Institute of International Affairs. a3d ed. aLondon :bRoyal Institute of International Affairs,c1946. axii, 177 p. :bmaps (part fold.) ;c21 cm.1 aIts Information papers ; no. 20 aBibliography: p. 176-177. 0aMandateszGreat Britain.9129357 0aMandateszPalestine.9129358 0aGreat BritainxForeign relationszPalestine.9129359 0aPalestinexForeign relationszGreat Britain.9129360 0aPalestinexHistoryy1917-1948.9129361 0aInformation papers (Royal Institute of International Affairs. Information Department) ;vno. 20.9129362 2ddccBK c42071d42071 00102ddc40708NFICaRUCLbRUCLcStackd1966-11-11eDaccag5.02l1o956.9404 GRE 1946r2024-09-30 00:00:00s2024-09-24tC-2w2016-06-09yBK